| 000 | 01728nam a2200385 i 4500 | ||
|---|---|---|---|
| 001 | 195885 | ||
| 003 | SpMaBN | ||
| 005 | 20260319131659.0 | ||
| 008 | 250708s2022 sp a | ||||o000 f spa | ||
| 017 |
_aV 1905-2022 _bOficina Depósito Legal Valencia |
||
| 020 | _a9788477959328 | ||
| 035 | _aa7188708 | ||
| 040 |
_aSpMaBN _bspa _cSpMaBN _erda _dES-MaACL |
||
| 080 | _a821.134.2-31"19" | ||
| 100 | 0 |
_aBastid, Ricardo, _d1919-1966 _926367 _eaut |
|
| 240 | 1 | 0 | _aPuerta del Sol |
| 245 | 1 | 0 |
_aPuerta del Sol / _cRicardo Bastid ; reedición y estudio introductorio a cargo de Pablo Allepuz y Óscar Chaves |
| 264 | 1 |
_a[València] : _bDiputació de València, Delegaciò de Memòria Histórica, _c[2022]. |
|
| 300 |
_a322 páginas : _bilustraciones (blanco y negro y color) ; _c24 cm. |
||
| 336 |
_aTexto _aImagen fija _2rdacontent |
||
| 337 |
_asin mediación _2rdamedia |
||
| 338 |
_avolumen _2rdacarrier |
||
| 530 | _aDisponible también en línea | ||
| 655 | 7 |
_aNovelas históricas _2tgfbne _9226782 |
|
| 655 | 7 |
_aNovelas sociales _2tgfbne _9234402 |
|
| 700 | 1 |
_aAllepuz, Pablo _9175820 _epbl |
|
| 700 | 1 |
_aChaves Amieva, Óscar _9175821 _epbl |
|
| 852 |
_aES-MaACL _bR.153508 _cDEPOJ _jN-9002 _hDonación: Óscar Chaves Amieva _xEncuadernación rústica _9204868 _gDedicatoria autógrafa de Óscar Chaves Amieva |
||
| 856 | 4 |
_uhttp://memoriahistorica.dival.es/wp-content/uploads/Puerta-del-Sol-de-Ricardo-Bastid-2022.pdf _yVersión en línea |
|
| 903 |
_aChaves Amieva, Óscar _ednr _9175821 |
||
| 942 |
_cMONOGRAFIA _n0 |
||
| 999 |
_c195885 _d195885 |
||